Normal view
MARC view
- Diniz, Paulo S.R
Entry Personal Name
001 - CONTROL NUMBER
- control field: 68295
003 - CONTROL NUMBER IDENTIFIER
- control field: NUST
005 - DATE AND TIME OF LATEST TRANSACTION
- control field: 20210628204024.0
008 - FIXED-LENGTH DATA ELEMENTS
- fixed length control field: 210628|| aca||aabn | a|a d
040 ## - CATALOGING SOURCE
- Original cataloging agency: NUST
- Transcribing agency: NUST
100 ## - HEADING--PERSONAL NAME
- Personal name: Diniz, Paulo S.R
670 ## - SOURCE DATA FOUND
- Source citation: Work cat.: (NUST): Diniz, Paulo S.R, Adaptive filtering, algorithms and practical implementation, 2008
